|
|
|
|
| LEADER |
03132ncm a2200685 a 4500 |
| 001 |
nkc20112265424 |
| 003 |
CZ PrNK |
| 005 |
20160223130108.0 |
| 007 |
qu |
| 008 |
120305s2011 xr fmz g kbc nn cze |
| 015 |
|
|
|a cnb002265424
|
| 020 |
|
|
|a 978-80-87112-53-3
|q (Etnologický ústav AV ČR ;
|q soubor ;
|q váz.)
|
| 020 |
|
|
|a 978-80-87112-54-0
|q (Etnologický ústav AV ČR ;
|q váz.)
|
| 020 |
|
|
|a 978-80-86894-19-5
|q (Muzeum Vysočiny Třebíč ;
|q soubor ;
|q váz.)
|
| 020 |
|
|
|a 978-80-86894-18-8
|q (Muzeum Vysočiny Třebíč ;
|q váz.)
|
| 040 |
|
|
|a ABA001
|b cze
|d OLA001
|
| 041 |
0 |
|
|a cze
|b eng
|b ger
|
| 043 |
|
|
|a e-xr---
|b e-xr-vy
|2 czenas
|
| 048 |
|
|
|a vu01
|
| 072 |
|
7 |
|a 784
|x Vokální hudba
|2 Konspekt
|9 9
|
| 072 |
|
7 |
|a 39
|x Kulturní antropologie. Etnologie. Etnografie
|2 Konspekt
|9 1
|
| 080 |
|
|
|a 784.4(437.32)
|2 MRF
|
| 080 |
|
|
|a 784.4
|2 MRF
|
| 080 |
|
|
|a (0:82-192)
|2 MRF
|
| 080 |
|
|
|a (062.552)
|2 MRF
|
| 080 |
|
|
|a (081)
|2 MRF
|
| 080 |
|
|
|a (082)
|2 MRF
|
| 245 |
0 |
0 |
|a Lidové písně z Podhorácka.
|n I.,
|p Náměšťsko a Velkobítešsko
|h [hudebnina] /
|c Marta Toncrová, Silva Smutná (eds.)
|
| 246 |
3 |
0 |
|a Náměšťsko a Velkobítešsko
|
| 246 |
3 |
0 |
|a Velkobítešsko
|
| 250 |
|
|
|a 1. vyd.
|
| 260 |
|
|
|a Třebíč :
|b Muzeum Vysočiny ;
|a Brno :
|b Akademie věd České republiky, Etnologický ústav,
|c 2011
|
| 300 |
|
|
|a 1 zpěvník (510 s., [8] s. barev. obr. příl.) :
|b barev. il. ;
|c 22 cm
|
| 382 |
0 |
1 |
|a zpěv
|n 1
|s 1
|
| 500 |
|
|
|a Průvodní texty česky, resumé německy a anglicky
|
| 504 |
|
|
|a Obsahuje bibliografii, rejstříky a fotografickou přílohu
|
| 505 |
0 |
|
|a Písně milostné -- Písně vojenské a rekrutské -- Písně žertovné a pijácké -- Písně ke kalendářním obyčejům -- Písně k obyčejům životního cyklu -- Písně o řemeslech a stavech -- Písně k tanci -- Písně epické -- Ukolébavky
|
| 505 |
2 |
0 |
|t Lidová píseň na Podhorácku /
|r Marta Toncrová --
|t Lidové zvyky a slavnosti v současném životě Náměšťska a Velkobítešska /
|r Silvia Smutná
|
| 546 |
|
|
|a Písně podloženy česky
|
| 546 |
|
|
|a Anglické a německé resumé
|
| 650 |
0 |
7 |
|a moravské lidové písně
|7 ph122978
|2 czenas
|
| 650 |
0 |
9 |
|a Moravian folk songs
|2 eczenas
|
| 651 |
|
7 |
|a Náměšť nad Oslavou (Česko : oblast)
|7 ge130271
|2 czenas
|
| 651 |
|
7 |
|a Velká Bíteš (Česko : oblast)
|7 ge289548
|2 czenas
|
| 651 |
|
7 |
|a Podhorácko (Česko)
|7 ge449408
|2 czenas
|
| 655 |
|
7 |
|a lidové písně
|7 fd980032
|2 czenas
|
| 655 |
|
7 |
|a zpěvníky
|7 fd133876
|2 czenas
|
| 655 |
|
7 |
|a sborníky
|7 fd163935
|2 czenas
|
| 655 |
|
9 |
|a folk songs
|2 eczenas
|
| 655 |
|
9 |
|a songbooks
|2 eczenas
|
| 655 |
|
9 |
|a papers
|2 eczenas
|
| 700 |
1 |
|
|a Toncrová, Marta,
|d 1945-
|7 pna2006327186
|4 edt
|4 aut
|
| 700 |
1 |
|
|a Smutná, Silva
|7 pna2012685547
|4 edt
|4 aut
|
| 910 |
2 |
|
|a BOA001
|b Mus2-1281.535,1
|
| 990 |
|
|
|a MU
|
| 995 |
|
|
|a 01
|
| 991 |
|
|
|b 201204
|c NOV
|
| 925 |
|
|
|a zpěv
|b V
|
| 996 |
6 |
|
|b 2610507891
|c Mus2-1281.535,1
|l MZK
|r Sklad / do 1 hodiny
|n 6
|p p.v.
|w 001238186
|u 000010
|a 1
|e BOA001
|j MZK50
|s P
|
| 996 |
7 |
|
|b 2610592064
|c Mus2-1281.535,1
|l MZK
|r Sklad / do 1 hodiny
|n 16
|p kup
|w 001238186
|u 000020
|a 1
|e BOA001
|j MZK50
|s A
|